Leasehold liability : Landlord and Tenant (Covenants) Act 1995. (Record no. 100613)

MARC details
000 -LEADER
fixed length control field 01067cam a2200289 4500
008 - FIXED-LENGTH DATA ELEMENTS--GENERAL INFORMATION
fixed length control field 000000n2000 000 0 eng u
020 ## - INTERNATIONAL STANDARD BOOK NUMBER
International Standard Book Number 0853086524
035 ## - SYSTEM CONTROL NUMBER
System control number (Sirsi) u106712
050 ## - LIBRARY OF CONGRESS CALL NUMBER
Classification number 346.4104343
100 ## - MAIN ENTRY--PERSONAL NAME
Personal name Fogel, Steven
245 ## - TITLE STATEMENT
Title Leasehold liability : Landlord and Tenant (Covenants) Act 1995.
250 ## - EDITION STATEMENT
Edition statement 2nd ed.
260 ## - PUBLICATION, DISTRIBUTION, ETC.
Place of publication, distribution, etc. Bristol
Name of publisher, distributor, etc. Jordans
Date of publication, distribution, etc. 2000
300 ## - PHYSICAL DESCRIPTION
Extent xix,219p. ; 24cm.
350 ## - PRICE (NR) (BK AM CF MU VM SE) [OBSOLETE]
Price 40.00
520 ## - SUMMARY, ETC.
Summary, etc. Written by a team of solicitors specialising in landlord and tenant law, the book provides a guide to the statutory framework and case law as well as professional advice and a set of precedents. The previous edition entitled Privity of Contract : A Practitioner's Guide.
650 ## - SUBJECT ADDED ENTRY--TOPICAL TERM
Topical term or geographic name entry element PRIVITY OF CONTRACT
650 ## - SUBJECT ADDED ENTRY--TOPICAL TERM
Topical term or geographic name entry element LANDLORD AND TENANT (COVENANTS) ACT 1995
650 ## - SUBJECT ADDED ENTRY--TOPICAL TERM
Topical term or geographic name entry element ASSIGNMENT
650 ## - SUBJECT ADDED ENTRY--TOPICAL TERM
Topical term or geographic name entry element BUSINESS TENANCIES
650 ## - SUBJECT ADDED ENTRY--TOPICAL TERM
Topical term or geographic name entry element COMMERCIAL LEASES
690 ## - LOCAL SUBJECT ADDED ENTRY--TOPICAL TERM (OCLC, RLIN)
Topical term or geographic name as entry element LANDLORD AND TENANT-BUSINESS TENANCIES
700 ## - ADDED ENTRY--PERSONAL NAME
Personal name Riley, Alan
700 ## - ADDED ENTRY--PERSONAL NAME
Personal name Rogers, Philip
700 ## - ADDED ENTRY--PERSONAL NAME
Personal name Slessenger, Emma
942 ## - ADDED ENTRY ELEMENTS (KOHA)
Suppress in OPAC 0
Holdings
Withdrawn status Lost status Source of classification or shelving scheme Damaged status Not for loan Home library Current library Shelving location Date acquired Cost, normal purchase price Total Checkouts Full call number Barcode Date last seen Date last checked out Copy number Cost, replacement price Price effective from Koha item type
    Dewey Decimal Classification     London London Books 07/11/2000 40.00 17 346.4104343 FOG 30062486 06/08/2019 28/10/2009 1 40.00 06/08/2019 Book